|
|
|
|
| LEADER |
01072nam a2200313 a 4500 |
| 001 |
000569512 |
| 003 |
CZ BrMZK |
| 005 |
20011112071430.0 |
| 007 |
ta |
| 008 |
000115s2001 xr cze d |
| 015 |
|
|
|a cnb001008287
|
| 020 |
|
|
|a 80-7202-848-0
|
| 035 |
|
|
|a (OCoLC)50343104
|
| 040 |
|
|
|a BOA001
|b cze
|
| 041 |
1 |
|
|a cze
|h eng
|
| 080 |
|
|
|a 821.111(73)-31
|2 MRF
|
| 100 |
1 |
|
|a Rice, Luanne,
|d 1955-
|7 mzk2003197504
|4 aut
|
| 245 |
1 |
0 |
|a V sedmém nebi /
|c Luanne Riceová ; [z angličtiny přeložila Věnceslava Lexová]
|
| 250 |
|
|
|a Vyd. 1.
|
| 260 |
|
|
|a [Praha] :
|b Ikar,
|c 2001
|
| 300 |
|
|
|a 342 s. ;
|c 21 cm
|
| 500 |
|
|
|a Vydavatel: Euromedia Group
|
| 655 |
|
7 |
|a americké romány
|7 fd131796
|2 czenas
|
| 700 |
1 |
|
|a Lexová, Věnceslava
|7 jk01072003
|4 trl
|
| 765 |
0 |
|
|t Cloud Nine
|
| 856 |
4 |
1 |
|u http://www.digitalniknihovna.cz/mzk/uuid/uuid:94c20850-380a-11e4-8f64-005056827e52
|y Digitalizovaný dokument
|x NDK
|
| 910 |
|
|
|a BOA001
|b 2-1089.548
|
| 990 |
|
|
|a BK
|
| 996 |
6 |
|
|b 2610141520
|c 2-1089.548
|l MZK
|r Sklad / do 1 hodiny
|n 5
|p p.v.
|w 000569512
|u 000010
|a 1
|e BOA001
|j MZK50
|s P
|